Pasturas naturales mejoradas /

Guardado en:
Autor Principal: Carámbula, Milton.
Formato: Libro
Idioma:Spanish
Publicado: Montevideo : Hemisferio Sur, 1996.
Materias:
Etiquetas: Agregar Etiqueta
Sin Etiquetas, Sea el primero en etiquetar este registro!
LEADER 00538nam a22001695a 4500
001 EEA.libagro007448
008 130809s1996####uy#a##########000#0#spa#d
005 20210929172859.0
245 1 0 |a Pasturas naturales mejoradas /  |c Milton Carámbula. 
260 |a Montevideo :  |b Hemisferio Sur,  |c 1996. 
300 |a 524 p. :  |b il. ;  |c 24 cm. 
020 |a 997464500X 
100 1 |a Carámbula, Milton. 
082 0 4 |a 333.74 
650 7 |a Pastizal natural  |2 agrovoc 
650 7 |a Mejora de pastizales  |2 agrovoc 
859 |a AR-BbBCA  |b BIB. AGRONOMIA  |h 333.74  |i C259  |p 2005/4819